[Event "78th Tata Steel GpB"]
[Site "Wijk aan Zee NED"]
[Date "2016.01.17"]
[Round "2"]
[White "Abasov,N"]
[Black "Safarli,E"]
[Result "1/2-1/2"]
[WhiteElo "2556"]
[BlackElo "2653"]
[EventDate "2016.01.15"]

1. d4 Nf6 2. c4 b6 3. Nc3 Bb7 4. f3 d5 5. cxd5 Nxd5 6. e4 Nxc3 7. bxc3 e5
8. Bb5+ c6 9. Bc4 exd4 10. cxd4 Bb4+ 11. Kf2 O-O 12. Ne2 Nd7 13. Qb3 Be7
14. Rd1 b5 15. a4 bxc4 16. Qxb7 Nc5 17. Qxc6 Rc8 18. Qb5 a6 19. Qb1 Nd3+
20. Rxd3 Rb8 21. Qc2 cxd3 22. Qxd3 f5 23. Bf4 fxe4 24. Qc4+ Kh8 25. Bxb8
Qxb8 26. f4 Bd6 27. g3 g5 28. f5 Rxf5+ 29. Kg1 Rf3 30. Rc1 Qb2 31. d5 e3
32. Qd4+ Qxd4 33. Nxd4 Rf2 34. Rc6 Be5 35. d6 Bxd4 36. d7 Rf8 37. Rc8 e2+
38. Kg2 e1=Q 39. Rxf8+ Kg7 40. d8=Q Qe2+ 1/2-1/2

[Event "78th Tata Steel GpB"]
[Site "Wijk aan Zee NED"]
[Date "2016.01.17"]
[Round "2"]
[White "Van Foreest,Jorden"]
[Black "Batsiashvili,N"]
[Result "0-1"]
[WhiteElo "2541"]
[BlackElo "2485"]
[EventDate "2016.01.15"]

1. d4 f5 2. Bg5 g6 3. Nc3 Bg7 4. h4 h6 5. Bf4 d6 6. e4 Nf6 7. e5 Ng4 8. Qe2
dxe5 9. dxe5 Qd4 10. g3 Be6 11. Rd1 Qc5 12. Qb5+ Nd7 13. Qxc5 Nxc5 14. Nb5
Na6 15. Bg2 c6 16. Nd4 Nc7 17. Ngf3 O-O-O 18. O-O Rd7 19. Nxe6 Nxe6 20.
Rxd7 Kxd7 21. Rd1+ Kc8 22. Bf1 Rd8 23. Rxd8+ Nxd8 24. Bh3 Kd7 25. Bxg4 fxg4
26. Ne1 c5 27. Nd3 c4 28. Nc5+ Kc6 29. Ne4 Nf7 30. Nd2 b5 31. e6 Nd8 32. b3
cxb3 33. cxb3 Nxe6 34. Be3 a6 35. Kf1 Kd5 36. Ke2 Nd8 37. Bb6 Nc6 38. Nf1
h5 39. f3 gxf3+ 40. Kxf3 Ne5+ 41. Ke2 Ng4 42. Nd2 Bd4 43. Bd8 Bc5 44. a4
bxa4 45. bxa4 Bd6 46. Kf3 Ne5+ 47. Kg2 Nc4 48. Nb3 Ke4 49. Kh3 Kd3 50. g4
Kc3 51. gxh5 gxh5 52. Nc1 Kb4 53. Ne2 Kxa4 54. Nd4 Ne3 55. Bb6 Nd5 56. Ba7
Nf4+ 57. Kg3 Ne2+ 58. Kf3 Nxd4+ 59. Bxd4 a5 60. Ke4 Bg3 0-1

[Event "78th Tata Steel GpB"]
[Site "Wijk aan Zee NED"]
[Date "2016.01.17"]
[Round "2"]
[White "Haast,A"]
[Black "Antipov,M2"]
[Result "0-1"]
[WhiteElo "2391"]
[BlackElo "2567"]
[EventDate "2016.01.15"]

1. e4 c5 2. Nf3 d6 3. d4 cxd4 4. Nxd4 Nf6 5. Nc3 a6 6. Be3 e5 7. Nb3 Be6 8.
f3 h5 9. Qd2 Nbd7 10. O-O-O Rc8 11. Kb1 b5 12. Nd5 Bxd5 13. exd5 Nb6 14.
Bg5 Be7 15. Na5 Nfxd5 16. Bxe7 Qxe7 17. a4 Nc3+ 18. bxc3 d5 19. Re1 Nxa4
20. Bxb5+ axb5 21. Rxe5 Nxc3+ 22. Qxc3 Rxc3 23. Rhe1 Qxe5 24. Rxe5+ Kd7 25.
Rxd5+ Ke7 26. Nb3 Rhc8 27. Re5+ Kf8 28. Re2 Re8 29. Rd2 Rce3 30. Nc1 Re1
31. Kb2 g6 32. g3 Kg7 33. f4 R8e4 34. c3 b4 35. cxb4 Rxb4+ 36. Kc3 Rbe4 37.
Rc2 Re8 38. Kb2 Rb8+ 39. Nb3 Re3 40. Rc3 Rxc3 41. Kxc3 Kf6 42. Nd4 Ra8 43.
Kd3 Ra2 44. Nf3 Kf5 45. h3 Ra3+ 46. Ke2 f6 47. Kf2 Ke4 48. Nd2+ Kd3 49. Nf1
Ra1 0-1

[Event "78th Tata Steel GpB"]
[Site "Wijk aan Zee NED"]
[Date "2016.01.17"]
[Round "2"]
[White "Sevian,Samuel"]
[Black "Nisipeanu,LD"]
[Result "1/2-1/2"]
[WhiteElo "2578"]
[BlackElo "2679"]
[EventDate "2016.01.15"]

1. e4 e6 2. d4 d5 3. Nc3 Bb4 4. e5 c5 5. a3 Bxc3+ 6. bxc3 Ne7 7. h4 b6 8.
h5 h6 9. Bb5+ Bd7 10. a4 Bxb5 11. axb5 Qd7 12. Qe2 a6 13. Nf3 Qb7 14. O-O
axb5 15. Qxb5+ Nd7 16. Rb1 Qa6 17. dxc5 bxc5 18. Be3 Qxb5 19. Rxb5 O-O 20.
Bxc5 Nxc5 21. Rxc5 Rfc8 22. Rxc8+ Rxc8 23. Rb1 Rxc3 24. Rb8+ Rc8 25. Rxc8+
Nxc8 1/2-1/2

[Event "78th Tata Steel GpB"]
[Site "Wijk aan Zee NED"]
[Date "2016.01.17"]
[Round "2"]
[White "Bok,B"]
[Black "L'Ami,E"]
[Result "1-0"]
[WhiteElo "2607"]
[BlackElo "2627"]
[EventDate "2016.01.15"]

1. Nf3 f5 2. g3 Nf6 3. Bg2 g6 4. O-O Bg7 5. d4 O-O 6. c4 d6 7. Nc3 c6 8. b3
Na6 9. Re1 Ne4 10. Bb2 d5 11. cxd5 cxd5 12. Ne5 Nb4 13. Rc1 Be6 14. a3 Nc6
15. Nxc6 bxc6 16. Na4 f4 17. f3 Nd6 18. Nc5 Bd7 19. e4 g5 20. exd5 cxd5 21.
Re5 e6 22. Nxd7 Qxd7 23. Rxg5 Nf5 24. Qd3 Rab8 25. Bh3 Kh8 26. Rh5 Qf7 27.
Bg4 h6 28. gxf4 Ne7 29. Re1 Ng6 30. Bc1 Nxf4 31. Bxf4 Qxf4 32. Kg2 Rbc8 33.
Bxe6 Rce8 34. Re2 Bxd4 35. Bg4 Rd8 36. Re7 Bg7 37. Qg6 Qd2+ 38. Kh3 1-0

[Event "78th Tata Steel GpB"]
[Site "Wijk aan Zee NED"]
[Date "2016.01.17"]
[Round "2"]
[White "Ju Wenjun"]
[Black "Dreev,A"]
[Result "0-1"]
[WhiteElo "2548"]
[BlackElo "2644"]
[EventDate "2016.01.15"]

1. Nf3 d5 2. g3 c6 3. Bg2 Bg4 4. O-O Nd7 5. d3 e6 6. e4 Ne5 7. Nbd2 Nxf3+
8. Nxf3 dxe4 9. dxe4 Qxd1 10. Rxd1 Nf6 11. h3 Bh5 12. Re1 Nd7 13. Bd2 e5
14. g4 Bg6 15. Nh4 f6 16. g5 O-O-O 17. gxf6 gxf6 18. Bf3 Nb6 19. Rad1 Nc4
20. Bc1 Rxd1 21. Rxd1 Nd6 22. Nxg6 hxg6 23. Kg2 Kc7 24. Kg3 Bh6 25. Bxh6
Rxh6 26. Bg2 Rh8 27. f4 exf4+ 28. Kxf4 Rh5 29. b3 b5 30. c3 a5 31. Ke3 Kd7
32. Rh1 Ke6 33. h4 Ke5 34. Bf3 Rh8 35. Rh2 a4 36. Rh1 a3 37. Rh2 Rh7 38.
Rh1 Rh6 39. Bg2 g5 40. h5 g4 41. Rh4 f5 42. Kf2 Nxe4+ 43. Bxe4 fxe4 44.
Rxg4 Rxh5 45. Rg6 Rh2+ 46. Ke3 Rxa2 47. Rxc6 Ra1 0-1

[Event "78th Tata Steel GpB"]
[Site "Wijk aan Zee NED"]
[Date "2016.01.17"]
[Round "2"]
[White "Admiraal,M"]
[Black "Adhiban,Baskaran"]
[Result "0-1"]
[WhiteElo "2441"]
[BlackElo "2653"]
[EventDate "2016.01.15"]

1. e4 e5 2. Nf3 Nc6 3. Bc4 Bc5 4. d3 Nf6 5. Nbd2 O-O 6. O-O d6 7. c3 a6 8.
Bb3 Ba7 9. h3 h6 10. Re1 Nh5 11. Nf1 Qf6 12. Be3 Bxe3 13. Nxe3 Nf4 14. Nd5
Nxd5 15. exd5 Ne7 16. d4 Ng6 17. dxe5 dxe5 18. Bc2 Bf5 19. Bxf5 Qxf5 20. c4
Rad8 21. Qb3 b6 22. Re3 f6 23. d6 cxd6 24. Qxb6 Qc8 25. Nd2 Nf4 26. Rae1
Qa8 27. Rg3 Rb8 28. Qe3 Rxb2 29. Ne4 Qc6 30. Kh2 f5 31. Qa3 Re2 32. Rxe2
Nxe2 33. Re3 Nd4 34. Nc3 Nc2 35. Nd5 Qxc4 36. Qxd6 Nxe3 37. fxe3 f4 38.
Ne7+ Kh7 39. Qg6+ Kh8 40. Qd6 Re8 41. Ng6+ Kh7 42. exf4 Qe4 43. Qd7 exf4
0-1

[Event "78th Tata Steel GpB"]
[Site "Wijk aan Zee NED"]
[Date "2016.01.18"]
[Round "3"]
[White "L'Ami,E"]
[Black "Ju Wenjun"]
[Result "1/2-1/2"]
[WhiteElo "2627"]
[BlackElo "2548"]
[EventDate "2016.01.15"]

1. d4 Nf6 2. c4 e6 3. Nc3 Bb4 4. e3 O-O 5. Bd3 c5 6. Nf3 d5 7. O-O cxd4 8.
exd4 dxc4 9. Bxc4 b6 10. Bg5 Bb7 11. Re1 Nbd7 12. Rc1 Rc8 13. Bd3 h6 14.
Bh4 Be7 15. Bb1 Re8 16. Qd3 Nf8 17. Ne5 Nh5 18. Bg3 a6 19. a3 Nxg3 20. hxg3
b5 21. Rcd1 b4 22. axb4 Bxb4 23. Re3 Rc7 24. Ne2 Qd6 25. Nf4 a5 26. Ba2 Rd8
27. Qe2 Bd5 28. Bxd5 exd5 29. Ned3 Re7 30. Re5 f6 31. Re3 Rxe3 32. Qxe3 Qe7
33. Ra1 Qe4 34. Nxb4 axb4 35. Qb3 g5 36. Nh5 Qxd4 37. Rd1 Qe5 38. Qxb4 Kf7
39. Re1 Qd6 40. Qd4 Rc8 41. Rd1 Rd8 42. g4 Qe5 43. Qd2 Qe4 44. f3 Qe5 45.
Qa5 Rd7 46. Qb5 d4 47. Qc4+ Qe6 48. Qd3 Qe5 49. b4 Qd6 50. b5 Ng6 51. Re1
Qc5 52. b6 Qxb6 53. Qc4+ Kf8 54. Re6 Ne5 55. Qa2 Rd6 56. Qa8+ Qd8 57. Rxf6+
Nf7 58. Qa3 Qb6 59. Qa8+ Qd8 60. Qa3 Qe7 61. Qxd6 Qxd6 62. Rxd6 Nxd6 63.
Kf2 Kf7 64. Ke2 Ke6 65. Kd3 Ke5 66. g3 Ne8 67. Kc4 Nd6+ 68. Kd3 Ne8 69. Kc4
Nd6+ 1/2-1/2

[Event "78th Tata Steel GpB"]
[Site "Wijk aan Zee NED"]
[Date "2016.01.18"]
[Round "3"]
[White "Adhiban,Baskaran"]
[Black "Bok,B"]
[Result "1/2-1/2"]
[WhiteElo "2653"]
[BlackElo "2607"]
[EventDate "2016.01.15"]

1. Nf3 Nf6 2. c4 c5 3. d4 cxd4 4. Nxd4 e6 5. g3 Qc7 6. Nc3 a6 7. Bg2 Qxc4
8. O-O Nc6 9. Nb3 d5 10. Bf4 Be7 11. Rc1 Qb4 12. e4 Nxe4 13. Nxe4 dxe4 14.
Re1 O-O 15. Bc7 Qb5 16. Rxe4 Qf5 17. Rf4 Qg6 18. Rg4 Qf6 19. Nd4 Nxd4 20.
Rxd4 e5 21. Re4 Bf5 22. Bxe5 Qg6 23. Rd4 Qe6 24. Bf4 Bf6 25. Rd2 Rad8 26.
Bd5 Qe7 27. Rc7 Rd7 28. Rxd7 Qxd7 29. h4 b5 30. Bf3 Qc8 31. Bg5 Bxg5 32.
hxg5 Be6 33. a3 a5 34. Rc2 Qb8 35. Rc5 Rd8 36. Qe1 a4 37. Be2 Rd5 38. Qb4
Rxc5 39. Qxc5 Bd7 40. Bf3 Be6 41. Be2 Bd7 42. f4 Qe8 43. Kf2 Bc6 44. Qe5
Qd8 45. Ke3 h6 46. g6 Be8 47. gxf7+ Kxf7 48. Bh5+ g6 49. Bf3 Qb6+ 50. Kd3
Bc6 51. Bg4 Qd8+ 52. Kc3 Bd5 53. Be2 Qc8+ 54. Kd4 Bc4 55. Bf3 Qh3 56. Qc7+
Kf6 57. Qc6+ Kf7 58. g4 Qh2 59. Bd5+ Bxd5 60. Qxd5+ Kf8 61. Qd6+ Kf7 62.
Qd7+ Kf6 63. Qd6+ Kf7 64. Qc7+ Kg8 65. Qb8+ Kf7 66. Qb7+ Kf6 67. Qb6+ Kf7
68. Qc7+ Kg8 69. Qc8+ Kf7 70. Qd7+ Kf6 71. Qd6+ 1/2-1/2

[Event "78th Tata Steel GpB"]
[Site "Wijk aan Zee NED"]
[Date "2016.01.18"]
[Round "3"]
[White "Safarli,E"]
[Black "Admiraal,M"]
[Result "1/2-1/2"]
[WhiteElo "2653"]
[BlackElo "2441"]
[EventDate "2016.01.15"]

1. e4 c6 2. d4 d5 3. Nc3 dxe4 4. Nxe4 Bf5 5. Ng3 Bg6 6. h4 h6 7. Nf3 Nd7 8.
h5 Bh7 9. Bd3 Bxd3 10. Qxd3 e6 11. Bd2 Qc7 12. O-O-O Ngf6 13. Ne4 O-O-O 14.
g3 Nc5 15. Nxc5 Bxc5 16. c4 Rhe8 17. Bc3 Bb6 18. Qc2 Qe7 19. Kb1 c5 20. Qe2
cxd4 21. Nxd4 Rd7 22. Nb3 Rxd1+ 23. Rxd1 Rd8 24. Rxd8+ Qxd8 25. g4 Ne8 26.
Kc2 Qd7 27. f3 Qc6 28. Nc1 Bd8 29. b3 Bf6 30. Nd3 Bxc3 31. Kxc3 Nd6 32. Qe5
Ne8 33. Qe3 Nd6 34. a4 b6 35. Qe5 Ne8 36. Qb5 Qxb5 37. axb5 Nc7 38. Nb4 f6
39. f4 Kd7 40. Nc6 a5 41. b4 axb4+ 42. Kxb4 Kd6 43. Nd4 Kd7 44. f5 e5 45.
Nb3 Ne8 46. Nd2 Kc7 47. c5 bxc5+ 48. Kxc5 Nd6 49. b6+ Kd7 50. Kd5 Nc8 51.
Nc4 Ne7+ 52. Kc5 Nc6 53. Nd6 Nb8 54. Kd5 Na6 55. Ne4 Nb4+ 56. Kc4 Nc6 57.
Nc5+ Kd6 58. Ne4+ Kd7 59. Nc3 Na5+ 60. Kb5 Nb7 61. Ne4 Nd8 62. Nc5+ Kd6 63.
Ne6 Nb7 64. Nxg7 e4 65. Kc4 Ke5 66. Ne6 Nd6+ 67. Kc3 Nb7 68. Kd2 Nd6 69.
Ke2 Nb7 70. Kf2 Nd6 71. Nd8 Kf4 72. Nf7 e3+ 73. Ke1 Nb7 74. Ke2 Kxg4 75.
Kxe3 Kxf5 76. Kd4 Kg4 77. Kd5 Kxh5 78. Nd6 Nd8 79. Nf7 Nb7 80. Kc6 Na5+ 81.
Kb5 Nb7 82. Kc6 Na5+ 83. Kc7 f5 84. Nd6 f4 85. Nc4 f3 86. Nxa5 f2 87. b7
f1=Q 88. b8=Q Qf4+ 89. Kc8 Qf5+ 90. Kb7 Qb5+ 91. Kc8 Qxa5 92. Qh2+ Kg6 93.
Qd6+ Kg5 94. Qg3+ Kf6 95. Qd6+ 1/2-1/2

[Event "78th Tata Steel GpB"]
[Site "Wijk aan Zee NED"]
[Date "2016.01.18"]
[Round "3"]
[White "Antipov,M2"]
[Black "Van Foreest,Jorden"]
[Result "1-0"]
[WhiteElo "2567"]
[BlackElo "2541"]
[EventDate "2016.01.15"]

1. e4 c5 2. Nf3 d6 3. c3 Nf6 4. Be2 Nc6 5. d4 cxd4 6. cxd4 Nxe4 7. d5 Qa5+
8. Nc3 Nxc3 9. bxc3 Ne5 10. O-O e6 11. Nxe5 dxe5 12. Rb1 a6 13. Bf3 Bc5 14.
d6 Ra7 15. Bg5 b5 16. Bc6+ Bd7 17. Qf3 f6 18. Bxf6 O-O 19. Bxd7 Qxa2 20.
Qc6 gxf6 21. c4 Rxd7 22. Qxd7 Qxc4 23. Rbc1 Qd5 24. Rfd1 Qb3 25. Qc7 Bd4
26. d7 Qd5 27. Rc3 Ra8 28. Qc8+ Kf7 29. Qxa8 Qxa8 30. Rc8 1-0

[Event "78th Tata Steel GpB"]
[Site "Wijk aan Zee NED"]
[Date "2016.01.18"]
[Round "3"]
[White "Batsiashvili,N"]
[Black "Sevian,Samuel"]
[Result "0-1"]
[WhiteElo "2485"]
[BlackElo "2578"]
[EventDate "2016.01.15"]

1. Nf3 d5 2. d4 Nf6 3. c4 e6 4. g3 dxc4 5. Bg2 Bd7 6. Qc2 c5 7. Qxc4 Bc6 8.
O-O Nbd7 9. dxc5 Bxc5 10. Nc3 O-O 11. Bg5 Rc8 12. Qb3 h6 13. Bxf6 Nxf6 14.
Rad1 Qb6 15. Ne5 Qxb3 16. axb3 Bxg2 17. Kxg2 Rfd8 18. Rxd8+ Rxd8 19. Nd3
Be7 20. Ra1 a6 21. Ra4 Kf8 22. Rc4 Bd6 23. b4 Nd7 24. Ne4 Ke7 25. Ndc5 Bxc5
26. bxc5 Rc8 27. b4 b6 28. Rc3 bxc5 29. Nd2 Kd8 30. bxc5 Rxc5 31. Ra3 Rc6
32. Kf3 Kc7 33. Ke3 Ne5 34. h3 Kb7 35. Kd4 Rc2 36. Ne4 Nc6+ 37. Ke3 Kc7 38.
f4 a5 39. g4 f5 40. gxf5 exf5 41. Nc3 Kd6 42. Rb3 Kc5 43. Na4+ Kc4 44. Rb7
Nb4 45. Nb6+ Kb3 46. Rxg7 Rc6 47. Ra7 Rxb6 48. Rxa5 Re6+ 49. Kf2 Kc4 50.
Rxf5 Nd5 51. Kf3 Kd4 52. Rf8 h5 53. Rf5 Re3+ 54. Kg2 h4 55. Rf8 Rg3+ 56.
Kh2 Ne3 57. f5 Nf1+ 58. Kh1 Ke3 0-1

[Event "78th Tata Steel GpB"]
[Site "Wijk aan Zee NED"]
[Date "2016.01.18"]
[Round "3"]
[White "Nisipeanu,LD"]
[Black "Abasov,N"]
[Result "1/2-1/2"]
[WhiteElo "2679"]
[BlackElo "2556"]
[EventDate "2016.01.15"]

1. e4 e5 2. Nf3 Nc6 3. Bb5 Nf6 4. O-O Nxe4 5. d4 Nd6 6. Bxc6 dxc6 7. dxe5
Nf5 8. Qxd8+ Kxd8 9. Nc3 Ke8 10. b3 b6 11. Bb2 Be7 12. Rad1 Bb7 13. Rd2 Rd8
14. Rfd1 Rxd2 15. Rxd2 h5 16. Nd4 Nxd4 17. Rxd4 Rh6 18. Rd1 h4 19. h3 Rh5
20. Ne2 Rf5 21. f3 c5 22. c4 Bg5 23. Kf2 Ke7 24. Nc1 Ke6 25. Nd3 Be4 26.
Ne1 a5 27. Ke2 1/2-1/2

[Event "78th Tata Steel GpB"]
[Site "Wijk aan Zee NED"]
[Date "2016.01.18"]
[Round "3"]
[White "Dreev,A"]
[Black "Haast,A"]
[Result "1-0"]
[WhiteElo "2644"]
[BlackElo "2391"]
[EventDate "2016.01.15"]

1. d4 d5 2. c4 dxc4 3. e3 e5 4. Bxc4 exd4 5. exd4 Nf6 6. Nf3 Bd6 7. O-O O-O
8. Nc3 Nc6 9. h3 h6 10. Re1 Re8 11. Rxe8+ Qxe8 12. Qc2 a6 13. Bxh6 Na5 14.
Re1 Qf8 15. Bg5 Nxc4 16. Bxf6 gxf6 17. Nd5 Kg7 18. Qxc4 Be6 19. Qb3 Rd8 20.
Rxe6 fxe6 21. Ne3 Kf7 22. d5 e5 23. Nh4 b5 24. Qc2 Bc5 25. Qg6+ Ke7 26.
Nef5+ Kd7 27. Ng7 Kc8 28. Ne6 Qh8 29. Qg4 f5 30. Qxf5 Qxh4 31. Nxc5+ Kb8
32. Nxa6+ Kb7 33. Nc5+ Kb6 34. Nd7+ Kb7 35. Nc5+ Kb6 36. Nd7+ Kb7 37. Qe6
Qc4 38. g3 e4 39. b4 Ka7 40. Qe7 Rxd7 41. Qxd7 e3 42. fxe3 Qc1+ 43. Kf2
Qb2+ 44. Kf3 Qf6+ 45. Ke4 Qg6+ 46. Kd4 Qf6+ 47. Kd3 Qf1+ 48. Ke4 Qb1+ 49.
Ke5 Qb2+ 50. Ke6 Qc3 51. Kf7 Qc2 52. e4 Qf2+ 53. Qf5 Qxa2 54. g4 1-0

[Event "78th Tata Steel GpB"]
[Site "Wijk aan Zee NED"]
[Date "2016.01.19"]
[Round "4"]
[White "Admiraal,M"]
[Black "Nisipeanu,LD"]
[Result "1/2-1/2"]
[WhiteElo "2441"]
[BlackElo "2679"]
[EventDate "2016.01.15"]

1. e4 e5 2. Nf3 Nc6 3. Bc4 Nf6 4. d3 h6 5. c3 d6 6. O-O g6 7. d4 Qe7 8. Re1
Bg7 9. Nbd2 O-O 10. h3 Kh7 11. Bb3 Bd7 12. Nc4 Rae8 13. Bc2 Qd8 14. dxe5
Nxe5 15. Nfxe5 dxe5 16. a4 Nh5 17. Ne3 Be6 18. Qxd8 Rxd8 19. Nf5 Nf4 20.
Nxg7 Kxg7 21. Be3 a6 22. Rad1 g5 23. Rxd8 Rxd8 24. Rd1 Rh8 25. Rd2 h5 26.
Bd1 Kf6 27. Bc2 Ng6 28. Bd1 Nf4 29. Bc2 Rg8 30. Bd1 h4 31. Kh2 a5 32. Kg1
Rb8 33. Ba7 Ra8 34. Be3 b6 35. Kh2 Ke7 36. Kg1 Kf6 37. Kh2 Rb8 38. Kg1 Ke7
39. Kh2 f6 40. Kg1 Ra8 41. Kh2 Bd7 42. Kg1 Bc6 43. Bc2 Ne6 44. f3 Be8 45.
Bb3 Rb8 46. Kf2 Nc5 47. Bxc5+ bxc5 48. Bd1 Bf7 49. Ke3 Rb6 50. Ke2 Be6 51.
Ke3 Bc4 52. Kf2 Rd6 53. Rxd6 cxd6 54. b3 Be6 55. c4 f5 56. Be2 Kf6 57. Bd1
Bg8 58. Ke3 Be6 59. Be2 Bd7 60. Bd1 Bc6 61. exf5 d5 62. cxd5 Bxd5 63. Bc2
Bg8 64. Kf2 Bh7 65. Ke2 Bg8 66. Kf2 Bh7 67. Ke2 Bg8 1/2-1/2

[Event "78th Tata Steel GpB"]
[Site "Wijk aan Zee NED"]
[Date "2016.01.19"]
[Round "4"]
[White "Haast,A"]
[Black "L'Ami,E"]
[Result "0-1"]
[WhiteElo "2391"]
[BlackElo "2627"]
[EventDate "2016.01.15"]

1. e4 e5 2. Nf3 Nc6 3. d4 exd4 4. Nxd4 Nf6 5. Nc3 Bc5 6. Nb3 Bb4 7. Bd3 d5
8. O-O Bxc3 9. exd5 Qxd5 10. bxc3 O-O 11. c4 Qd6 12. c5 Qd8 13. Bg5 Ne5 14.
Nd4 Ng6 15. Nb5 Bd7 16. Bxf6 Qxf6 17. Nxc7 Rad8 18. Nd5 Qg5 19. Bxg6 fxg6
20. f4 Qh4 21. c4 Kh8 22. Qb3 Bc6 23. Rad1 Rde8 24. Qd3 Qd8 25. Qc3 Rf7 26.
Rfe1 Ref8 27. Re5 Rxf4 28. Rde1 R4f7 29. Ne7 Qd7 30. h3 Qc7 31. Nd5 Qd8 32.
Kh2 Qh4 33. R1e4 Qf2 34. Re7 h6 35. Rxf7 Rxf7 36. Qg3 Qxg3+ 37. Kxg3 g5 38.
Re5 a5 39. a3 Kh7 40. h4 gxh4+ 41. Kxh4 Rf2 42. g4 Rf3 43. g5 hxg5+ 44.
Kxg5 Rxa3 45. Ne7 a4 46. Re2 Rg3+ 47. Kf4 Rf3+ 48. Ke5 Rf6 49. Ra2 Bd7 50.
Nd5 Re6+ 51. Kf4 Kg6 52. Ra3 Bc6 53. Ra2 Kf7 54. Ra3 Re1 55. Rf3 g6 56. Rf2
Kg7 57. Ra2 Rc1 58. Nb6 Kf6 59. Ke3 g5 60. Kd4 g4 61. Nd5+ Kg5 62. Ra3 Re1
63. Rc3 Kf5 64. Rg3 Rd1+ 65. Kc3 Bxd5 66. cxd5 Rxd5 67. Kc4 Rd1 0-1

[Event "78th Tata Steel GpB"]
[Site "Wijk aan Zee NED"]
[Date "2016.01.19"]
[Round "4"]
[White "Van Foreest,Jorden"]
[Black "Sevian,Samuel"]
[Result "1-0"]
[WhiteElo "2541"]
[BlackElo "2578"]
[EventDate "2016.01.15"]

1. e4 c5 2. Nc3 d6 3. Nge2 a6 4. g3 b5 5. Bg2 Bb7 6. d4 cxd4 7. Nxd4 e6 8.
O-O Nf6 9. Re1 Qc7 10. Bg5 Be7 11. Bxf6 gxf6 12. Qh5 Qc4 13. Rad1 Nc6 14.
Bf1 Qxd4 15. Rxd4 Nxd4 16. Rd1 Nc6 17. Bh3 O-O 18. Nd5 Bd8 19. Qh6 Ne5 20.
Nf4 Nf3+ 21. Kf1 Bxe4 22. Nh5 Nxh2+ 23. Ke1 Ba5+ 24. c3 Nf3+ 25. Ke2 1-0

[Event "78th Tata Steel GpB"]
[Site "Wijk aan Zee NED"]
[Date "2016.01.19"]
[Round "4"]
[White "Bok,B"]
[Black "Safarli,E"]
[Result "0-1"]
[WhiteElo "2607"]
[BlackElo "2653"]
[EventDate "2016.01.15"]

1. d4 Nf6 2. c4 e6 3. Nf3 Bb4+ 4. Nbd2 O-O 5. a3 Bxd2+ 6. Qxd2 a5 7. Qc2 d5
8. Bg5 a4 9. e3 c5 10. dxc5 Qa5+ 11. Qd2 Ne4 12. Qxa5 Rxa5 13. Bf4 Nd7 14.
cxd5 exd5 15. Nd4 Nexc5 16. Rc1 Re8 17. Bb5 Nb3 18. Bxd7 Bxd7 19. Nxb3 axb3
20. Kd2 Bf5 21. Rc7 Rb5 22. Rhc1 Bc2 23. Be5 h6 24. Bd4 Ra8 25. Ra1 Bg6 26.
f3 Ra4 27. Kc3 Bc2 28. g4 Ra8 29. h4 Kf8 30. Kd2 Kg8 31. Rg1 Ra6 32. Kc3
Ra4 33. Ra1 Ra6 34. Kd2 Ra8 35. Rxc2 bxc2 36. b4 Rc8 37. Kc1 Rc4 38. Ra2 h5
39. Rxc2 g5 40. Bf6 gxh4 41. Bxh4 hxg4 42. fxg4 f5 43. Rxc4 dxc4 44. gxf5
Rxf5 45. a4 Rd5 46. Bf6 Rd3 47. Bd4 Kf7 48. Kc2 Ke6 49. a5 Kd5 50. Bb6 Kc6
51. Bc5 Rb3 52. Kd2 Kb5 53. Kc2 Rd3 54. Kb2 Rd2+ 55. Kc3 Ra2 56. e4 Re2 57.
Kd4 Rd2+ 58. Kc3 Rd3+ 59. Kb2 Kc6 60. Kc2 Rg3 61. Kd2 Rh3 62. Kc2 Rh4 63.
e5 Kd5 64. Bg1 Rg4 65. Bc5 Rg2+ 66. Kc3 Rg3+ 67. Kc2 Rb3 68. Bd6 Ra3 69.
Bc7 Kd4 70. b5 c3 71. a6 bxa6 72. b6 Ra2+ 73. Kc1 Kd3 0-1

[Event "78th Tata Steel GpB"]
[Site "Wijk aan Zee NED"]
[Date "2016.01.19"]
[Round "4"]
[White "Antipov,M2"]
[Black "Dreev,A"]
[Result "0-1"]
[WhiteElo "2567"]
[BlackElo "2644"]
[EventDate "2016.01.15"]

1. e4 c6 2. d4 d5 3. e5 Bf5 4. Nd2 e6 5. Nb3 Nd7 6. Nf3 c5 7. Be2 c4 8.
Nbd2 Bb4 9. O-O h6 10. c3 Ba5 11. b4 Bc7 12. a4 Bh7 13. Re1 Ne7 14. Nf1 Nf5
15. b5 O-O 16. Ba3 Re8 17. Ng3 Nxg3 18. hxg3 f6 19. exf6 Nxf6 20. Ne5 Ne4
21. Bh5 Bxe5 22. Bxe8 Bxg3 23. fxg3 Qxe8 24. Qf3 Qd8 25. Qf4 Bf5 26. Re3 h5
27. Qh4 Qe8 28. Qe7 Qxe7 29. Bxe7 Kf7 30. Bb4 Kf6 31. a5 Rc8 32. a6 b6 33.
Rf1 g5 34. Rxe4 dxe4 35. Bd6 e3 36. Rf3 e2 37. Kf2 Rd8 38. Bc7 Rd5 39. Kxe2
Rxb5 40. Bb8 Ra5 41. Bxa7 Rxa6 42. Bb8 b5 43. Be5+ Ke7 44. Rf2 Ra2+ 45. Ke3
Ra3 46. d5 b4 0-1

[Event "78th Tata Steel GpB"]
[Site "Wijk aan Zee NED"]
[Date "2016.01.19"]
[Round "4"]
[White "Ju Wenjun"]
[Black "Adhiban,Baskaran"]
[Result "0-1"]
[WhiteElo "2548"]
[BlackElo "2653"]
[EventDate "2016.01.15"]

1. d4 Nf6 2. c4 e6 3. Nf3 c5 4. Nc3 cxd4 5. Nxd4 Bb4 6. Bd2 Nc6 7. Nc2 Bxc3
8. Bxc3 Ne4 9. Qd3 Nxc3 10. Qxc3 Qf6 11. Qxf6 gxf6 12. g3 b6 13. Bg2 Bb7
14. O-O-O Ke7 15. b3 h5 16. h4 Rac8 17. Kb2 Na5 18. Ne3 Rc7 19. Bxb7 Nxb7
20. Ng2 Nd6 21. Nf4 Ne4 22. Rhf1 a6 23. a4 f5 24. Rc1 Ra7 25. Ra1 Rb7 26.
e3 Rc7 27. Rac1 Rc6 28. Rc2 Rd6 29. Ra1 a5 30. Ka3 Kf6 31. b4 axb4+ 32.
Kxb4 Kg7 33. f3 Nf6 34. Ra3 Rc8 35. Rac3 Rd1 36. Rb3 Rf1 37. e4 fxe4 38.
fxe4 Nxe4 39. Nxh5+ Kh6 40. Nf4 Nc5 41. Ra3 d5 42. a5 Rb1+ 43. Kc3 bxa5 44.
cxd5 e5 45. Nh3 Nb3+ 46. Kd3 e4+ 0-1

[Event "78th Tata Steel GpB"]
[Site "Wijk aan Zee NED"]
[Date "2016.01.19"]
[Round "4"]
[White "Abasov,N"]
[Black "Batsiashvili,N"]
[Result "0-1"]
[WhiteElo "2556"]
[BlackElo "2485"]
[EventDate "2016.01.15"]

1. Nf3 d5 2. g3 Nf6 3. Bg2 c5 4. O-O Nc6 5. d4 e6 6. c4 Be7 7. cxd5 exd5 8.
dxc5 Bxc5 9. Qc2 Bb6 10. Nc3 Be6 11. Na4 O-O 12. Nxb6 Qxb6 13. Qd3 d4 14.
b3 Rfd8 15. Bb2 Rd7 16. Ng5 Bd5 17. e4 Be6 18. Rfc1 Bg4 19. Rxc6 Qxc6 20.
e5 Qc5 21. f4 h6 22. Rc1 Qa5 23. Nxf7 Kxf7 24. exf6 Qf5 25. Qc4+ Qe6 26.
Bxd4 Qxc4 27. Rxc4 gxf6 28. Be3 Re8 29. Kf2 Rd3 30. f5 Rexe3 31. Rxg4 Re5
32. Be4 Rd2+ 33. Kf3 Rxa2 34. Bd3 b5 35. Rd4 Ke7 36. h4 Rb2 37. b4 Rd2 38.
g4 a6 39. Kf4 Rh2 40. Be4 Rf2+ 41. Kg3 Rf1 42. Bc6 Rc1 43. Rd7+ Kf8 44.
Rd8+ Kf7 45. Rd7+ Re7 46. Bd5+ Ke8 47. Rd6 Re5 48. Bc6+ Kf7 49. Rd7+ Re7
50. Bd5+ Kf8 51. Rd6 Kg7 52. Rxa6 Rd7 53. Be4 Rd4 54. Ra7+ Kf8 55. Ra8+ Ke7
56. Ra7+ Kd8 57. Kf4 Rxb4 58. g5 hxg5+ 59. hxg5 Rf1+ 0-1

[Event "78th Tata Steel GpB"]
[Site "Wijk aan Zee NED"]
[Date "2016.01.20"]
[Round "5"]
[White "Sevian,Samuel"]
[Black "Abasov,N"]
[Result "1-0"]
[WhiteElo "2578"]
[BlackElo "2556"]
[EventDate "2016.01.15"]

1. e4 e5 2. Nf3 Nc6 3. Bb5 Nf6 4. O-O Nxe4 5. d4 Nd6 6. Bxc6 dxc6 7. dxe5
Nf5 8. Qxd8+ Kxd8 9. h3 Ke8 10. Nc3 Be6 11. g4 Ne7 12. Nd4 Bd7 13. f4 h5
14. f5 hxg4 15. hxg4 Rh4 16. Rf4 Nd5 17. Nxd5 cxd5 18. Bd2 Bc5 19. Kg2 Bxd4
20. Rxd4 c5 21. Rf4 Rc8 22. Kg3 Rh7 23. Rf2 Rc6 24. Re1 Bc8 25. Bg5 Kf8 26.
Rd2 f6 27. Bf4 d4 28. c3 fxe5 29. Bxe5 g6 30. f6 g5 31. cxd4 Rh4 32. Re4
cxd4 33. Rdxd4 Kf7 34. Rd8 Bf5 35. Rb4 Rb6 36. Rc4 Rc6 37. Rxc6 Rxg4+ 38.
Kf3 bxc6 39. Rb8 Rh4 40. Rb7+ Kg6 41. f7 1-0

[Event "78th Tata Steel GpB"]
[Site "Wijk aan Zee NED"]
[Date "2016.01.20"]
[Round "5"]
[White "Nisipeanu,LD"]
[Black "Bok,B"]
[Result "1/2-1/2"]
[WhiteElo "2679"]
[BlackElo "2607"]
[EventDate "2016.01.15"]

1. e4 e5 2. Nf3 Nc6 3. Bc4 Bc5 4. c3 Nf6 5. d3 O-O 6. Nbd2 a6 7. O-O d6 8.
h3 Na5 9. Bxf7+ Rxf7 10. b4 Bxb4 11. cxb4 Nc6 12. Qb3 Nh5 13. Nb1 h6 14.
Nc3 Qe8 15. Qd1 Nxb4 16. d4 Nc6 17. d5 Nd8 18. Ne1 Rf8 19. Kh2 Bd7 20. a4
Qg6 21. Nd3 Nf7 22. g4 Nf6 23. f3 c6 24. Nf2 Rac8 25. Ra3 b5 26. dxc6 Rxc6
27. axb5 axb5 28. Nd5 Nxd5 29. exd5 Rc2 30. Ra7 Rfc8 31. Rxd7 Rxc1 32. Qxc1
Rxc1 33. Rxc1 Ng5 34. Rc8+ Kh7 35. Rf8 Qc2 36. Kg3 e4 37. fxe4 b4 38. h4
Nxe4+ 39. Nxe4 Qxe4 40. h5 Qe1+ 41. Kh3 Qe3+ 42. Kh2 Qd2+ 43. Kh3 Qd3+ 44.
Kh2 Qd2+ 45. Kh3 Qe3+ 46. Kh2 Qg5 47. Kh3 Qe3+ 1/2-1/2